000 00668cab a2200241 4500
001 WB2840-48
008 090401t1992 xxu||||| |||| 00| 0 eng d
035 _a(Sirsi) u39100
041 _aeng
245 _aHidden dangers of title fights
260 _c1992
350 _a0
490 _aIndependent on Sunday
_v11 October 1992, B20(1)
520 _aWarns housebuyers to check property boundaries before signing contracts.
650 _aBoundary disputes
_96221
650 _aCONVEYANCING
650 _aRANSOM STRIPS
650 _aRIGHTS OF ACCESS
650 _aRIGHTS OF WAY
690 _aPROPERTY LAW AND PRACTICE
942 _n0
948 _c04/03/1997
999 _c25078
_d25078